| 000 | 01035cam a2200277 a 4500 | ||
|---|---|---|---|
| 001 | 3069042 | ||
| 003 | GBCCL | ||
| 005 | 20241126110404.0 | ||
| 008 | 970129s1997 ilub 001 0 eng | ||
| 010 | _a 97002367 | ||
| 020 | _a0842348921 (hardcover : alk. paper) | ||
| 020 | _a084234893X (hardcover indexed : alk. paper) | ||
| 020 | _a0842348948 (deluxe blue : alk. paper) | ||
| 040 |
_aDLC _cDLC _dDLC |
||
| 050 | 0 | 0 |
_aBS195.N37 _b1997i |
| 082 | 0 | 0 |
_a220.520814 _221 _bBIB |
| 130 | 0 |
_aBible. _lEnglish. _sNew International. _f1997. _93213 |
|
| 245 | 1 | 0 |
_aLife application study Bible : _bNew International Version. |
| 260 |
_aWheaton, Ill. : _bTyndale House ; _aGrand Rapids, Mich. : _bZondervan Pub. House, _c1997. |
||
| 300 |
_axxiii, 2504 p. : _bcol. maps ; _c24 cm. |
||
| 500 | _aIncludes indexes. | ||
| 710 | 2 |
_aTyndale House Publishers. _93214 |
|
| 906 |
_a7 _bcbc _corignew _d1 _eocip _f19 _gy-gencatlg |
||
| 942 |
_2ddc _cREF |
||
| 999 |
_c1583 _d1583 |
||